书目信息 |
| 题名: |
从传统到现代
|
|
| 作者: | 徐华 著 | |
| 分册: | ||
| 出版信息: | 北京 社会科学文献出版社 2016 |
|
| 页数: | 398页 | |
| 开本: | 21cm | |
| 丛书名: | 中央财经大学史学研究系列丛书 | |
| 单 册: | ||
| 中图分类: | F832.4 | |
| 科图分类: | ||
| 主题词: | 贷款风险管理--dai kuan feng xian guan li--研究--中国 | |
| 电子资源: | ||
| ISBN: | 978-7-5097-9416-6 | |
| 000 | 01386nam0 22002891 450 | |
| 001 | 0119165311 | |
| 005 | 20170619165311.0 | |
| 010 | @a978-7-5097-9416-6@dCNY68.00 | |
| 100 | @a20161028d2016 em y0chiy50 ea | |
| 101 | 0 | @achi |
| 102 | @aCN@b110000 | |
| 105 | @ay z 000yy | |
| 106 | @ar | |
| 200 | 1 | @a从传统到现代@9cong chuan tong dao xian dai@e中国信贷风控的制度与文化@dFrom tradition to modern@eculture and credit risk management in China@f徐华著@zeng |
| 210 | @a北京@c社会科学文献出版社@d2016 | |
| 215 | @a398页@d21cm | |
| 225 | 2 | @a中央财经大学史学研究系列丛书@9zhong yang cai jing da xue shi xue yan jiu xi lie cong shu |
| 300 | @a中外经济比较研究 | |
| 330 | @a本书从历史回顾和文化比较的角度,对当代银行业风险控制的理论误区和现实困境进行了全面梳理。同时作者通过对美国银行和中国钱庄信贷风控模式的差异进行文化溯源,对西方的契约主义精神和中国的礼让忠恕之道做了具体而微的解读,并呈现二者是如何分别影响中西方经济制度的演化和建构的。 | |
| 461 | 0 | @12001 @a中央财经大学史学研究系列丛书 |
| 510 | 1 | @aFrom tradition to modern@eculture and credit risk management in China@zeng |
| 517 | 1 | @a中国信贷风控的制度与文化@9zhong guo xin dai feng kong de zhi du yu wen hua |
| 606 | 0 | @a贷款风险管理@9dai kuan feng xian guan li@x研究@y中国 |
| 690 | @aF832.4@v5 | |
| 701 | 0 | @a徐华@9xu hua@c(经济学)@4著 |
| 801 | 0 | @aCN@b百万庄@c20170616 |
| 905 | @b1011621-6@dF832.4@e156@f6 | |
| 从传统到现代:中国信贷风控的制度与文化=From tradition to modern:culture and credit risk management in China/徐华著.-北京:社会科学文献出版社,2016 |
| 398页;21cm.-(中央财经大学史学研究系列丛书) |
| 中外经济比较研究 |
| ISBN 978-7-5097-9416-6:CNY68.00 |
| 本书从历史回顾和文化比较的角度,对当代银行业风险控制的理论误区和现实困境进行了全面梳理。同时作者通过对美国银行和中国钱庄信贷风控模式的差异进行文化溯源,对西方的契约主义精神和中国的礼让忠恕之道做了具体而微的解读,并呈现二者是如何分别影响中西方经济制度的演化和建构的。 |
| ● |
| 相关链接 |
|
|
|
|
正题名:从传统到现代
索取号:F832.4/156
 
预约/预借
| 序号 | 登录号 | 条形码 | 馆藏地/架位号 | 状态 | 备注 |
| 1 | 1011621 | 210116211 | 第一样本阅览室/ [索取号:F832.4/156] | 在馆 | |
| 2 | 1011622 | 210116220 | 教育系资料室/ [索取号:F832.4/156] | 在馆 | |
| 3 | 1011623 | 210116239 | 教育系资料室/ [索取号:F832.4/156] | 在馆 | |
| 4 | 1011624 | 210116248 | 教育系资料室/ [索取号:F832.4/156] | 在馆 | |
| 5 | 1011625 | 210116257 | 第一借阅区/ [索取号:F832.4/156] | 在馆 | |
| 6 | 1011626 | 210116266 | 第一借阅区/ [索取号:F832.4/156] | 在馆 |